To be an interpreter / (رقم التسجيلة. 85222)
[ عرض عادي ]
| 000 -الفاتح | |
|---|---|
| حقل البيانات ثابتة الطول | 00587nam a2200205 4500 |
| 001 - رقم الضبط | |
| رقم الضبط | |
| 003 - محدد رقم الضبط | |
| رقم الضبط | OSt |
| 005 - وقت وتاريخ اخر تعامل مع التسجيلة | |
| رقم الضبط | 20221214152516.0 |
| 008 - عناصر البيانات ثابتة الطول - معلومات عامة | |
| حقل البيانات ثابتة الطول | 090214s2017 ua 0 000 0000 00eng0d |
| 020 ## - الرقم الدولى المعيارى للكتب | |
| الرقم الدولى المعيارى للكتاب | 9789775239587 |
| 040 ## - مصدر الفهرسة | |
| وكالة الفهرسة الأصلية | ma-un |
| وكالة النسخ | ma-un |
| 082 00 - رقم تصنيف ديوى العشرى | |
| رقم المادة | EAT |
| رقم التصنيف | 418.02 |
| رقم الطبعة | EAT |
| 100 ## - المدخل الرئيسى - إسم شخصى | |
| الإسم الشخصى | Elewa, Abdelhamid. |
| 245 10 - بيان العنوان | |
| العنوان | To be an interpreter / |
| بيان المسئوليه,etc | Abdelhamid Elewa. |
| 260 ## - PUBLICATION, DISTRIBUTION, ETC. (IMPRINT) | |
| مكان الناشر او الموزع | Cairo : |
| اسم الناشر او الموزع | Dar Al-Bayan, |
| تاريخ النشر أو التوزيع | 2017 |
| 300 ## - الوصف المادى | |
| التعداد | 181 p. ; |
| أبعاد الوعاء | 24 cm. |
| 504 ## - تبصرة ببليوجرافية | |
| تبصرة ببليوجرافية,الخ | يشتمل على قائمة ببليوجرافية. |
| 650 ## - المدخل الاضافى بالموضوع-مصطلح موضوعى | |
| مصطلح موضوعي أو اسم جغرافي كعنصر مدخل | Translating and interpreting |
| 952 ## - LOCATION AND ITEM INFORMATION (KOHA) | |
| نوع المادة فى نظام كوها | كتاب |
| 942 ## - | |
| -- | ddc |
| -- | BOOK |
| حالة الفقد | نموذج السعر الفعال | حالة تلف | ليس للاعارة | تاريخ الاكتساب | رقم الطلب | تاريخ الاكتساب | الموقع الحالي | الباركود | الفرع الرئيسي | Date last seen | مصدر التصنيف او خطة الترفيف | Total Checkouts |
|---|---|---|---|---|---|---|---|---|---|---|---|---|
| 2022-12-14 | Not For Loan | 2022-12-14 | 418.02 EAT | 2022-12-14 | CL | 00270366 | المكتبة المركزية بالمجمعة (CL) | 2022-12-14 | Dewey Decimal Classification |
